Camizade Kelami-i Rumi -hayatı, eserleri ve ravza isimli mesnevisi- : (Record no. 15684)

MARC details
000 -BAŞLIK
Sabit Uzunlukta Kontrol Alanı 00860nam a22002297a 4500
999 ## - SİSTEM KONTROL NUMARALARI (KOHA)
Koha Biblionumber 15684
Koha Biblioitemnumber 15684
003 - KONTROL NUMARASI IDENTIFIER
Denetim Alanı MIRAKIL
005 - SON İŞLEM TARİHİ VE ZAMANI
Denetim Alanı 20240320151228.0
008 - SABİT-BOY VERİ ELEMANLARI - GENEL BİLGİLER
Sabit Uzunlukta Kontrol Alanı 240320b tu ||||| |||| 00| 0 tur d
020 ## - ULUSLARARASI STANDART KİTAP NUMARASI
Uluslararası Standart Kitap Numarası 9789751751577
040 ## - KATALOGLAMA KAYNAK
Orijinal Kataloglama Ajansı TR-AnCHP
Metne Dönüştürmek Ajansı TR-AnCHP
041 ## - DİL KODU
Metin / Ses Parça Veya Ayrı Başlığın Dil Kodu tur
082 ## - DEWEY ONLU SINIFLANDIRMA NUMARASI
Sınıflandırma Numarası 819.1
Ürün Numarası R85h 2022
100 ## - ANA GİRİŞ - KİŞİSEL İSİM
Kişisel Ad Camizade Kelami-i Rumi,
245 10 - BAŞLIK TABLOSU
Başlık Camizade Kelami-i Rumi -hayatı, eserleri ve ravza isimli mesnevisi- :
Başlığın Kalan (giriş-metin-ekler) /
Sorumluluk Tablosu, Vb [hazırlayan]: Cihan Okuyucu
260 ## - YAYIN, DAĞITIM, VB
Yayın, Dağıtım, Vb Yeri Ankara :
Yayıncı, Dağıtıcı, Vs Adı Türk Dil Kurumu,
Yayın, Dağıtım, Vb Tarihi 2022
300 ## - FİZİKSEL TANIM
Kapsam 230 sayfa :
Diğer Fiziksel Ayrıntıları renkli resim ;
Boyutlar 24 cm.
490 0# - SERİSİ TABLOSU
Seri Beyanı Atatürk Kültür, Dil ve Tarih Yüksek Kurumu Türk Dil Kurumu yayınları ;
Hacim / Ardışık Tanımı 1465.
504 ## - KAYNAKÇA VB NOT
Kaynakça Vb Notu Kaynakça: 61-64. sayfa<br/>
650 #0 - KONU KATMA GİRİŞ - TOPİKAL DÖNEM
9 (RLIN) 7726
Topikal Süreli Veya Coğrafi Ad Giriş Elemanı Divan şiiri
856 ## - ELEKTRONİK YER VE ERİŞİM
Kamu Notu Dijital Nüshası için Partimizin Kütüphane Sorumlusu ile iletişime geçiniz.
942 ## - EKLENDİ GİRİŞ ELEMANLARI (KOHA)
Sınıflandırma Veya Raf Düzeni Kaynak Dewey Decimal Classification
Koha Öğesi Türü Books
Holdings
Kalıcı Konum Mevcut Konum Edinme Tarihi Toplam Check-Out'Lar Tam Çağrı Numarası Barkod Tarih Son Görülme İtibaren Geçerli Fiyatlar Koha Öğesi Türü
CHP Kütüphanesi CHP Kütüphanesi 03/20/2024   819.1 R85h 2022 21603 03/20/2024 03/20/2024 Books